000
00296nam a2200133Ia 4500
008
230917s9999||||xx |||||||||||||| ||und||
040
_e
119060
_a
MAIN
041
_a
English
082
_a
589.3 B638I
100
_a
Bold
245
0
_a
Introduction to the alage
300
_a
720p. p.
942
_c
BK
999
_c
53069
_d
53069